Primeras lecciones de lengua castellana: libro del maestro
Gespeichert in:
| Format: | Buch |
|---|---|
| Sprache: | Spanisch |
| Veröffentlicht: |
Santiago
San Buenaventura
1912
|
| Schriftenreihe: | Obras de Enseñanza Primaria y Secundaria
|
| Schlagworte: | |
| Tags: |
Tag hinzufügen
Keine Tags, Fügen Sie den ersten Tag hinzu!
|
MARC
| LEADER | 00000nam a2200000 a 4500 | ||
|---|---|---|---|
| 001 | UCZ8589 | ||
| 003 | CL-VaPUC | ||
| 008 | 960121e19120000CL |||||||||||||||||spa|d | ||
| 082 | 0 | 4 | |a 372.6 |b PRI |2 21 |
| 245 | 1 | 0 | |a Primeras lecciones de lengua castellana: libro del maestro |
| 300 | |a 87 p | ||
| 942 | |c BK | ||
| 945 | |d 19960121 00:00:00 |a lriquelm | ||
| 260 | |a Santiago |b San Buenaventura |c 1912 | ||
| 650 | 0 | |a Lingüística |9 265068 | |
| 650 | 0 | |a Educación lingüística |9 306506 | |
| 650 | 0 | |a Español |9 255372 | |
| 650 | 0 | |a Rol del docente |9 329733 | |
| 650 | 0 | |a Métodos de enseñanza |9 270413 | |
| 650 | 7 | |a LENGUAS ROMANCES |2 CL-VaPUC |9 346632 | |
| 583 | |a last modification |c 19960121 00:00:00 |k Rodrigo Vera | ||
| 490 | 0 | |a Obras de Enseñanza Primaria y Secundaria | |
| 999 | |c 244449 |d 244447 | ||
| 952 | |0 0 |1 0 |4 0 |6 372_600000000000000_PRI_1912 |7 0 |8 P |9 258513 |a BIBEDU |b BIBEDU |c BIBEDU_PB |d 2019-11-19 |i 1619381 |o 372.6 PRI 1912 |p 1619381 |r 2024-01-25 |w 2019-11-19 |y BK |k EDU | ||